[Event "MrDodgy Inv 3 Finals"]
[Site "chess24.com INT"]
[Date "2022.11.28"]
[Round "1.13"]
[White "Grischuk, Alexander"]
[Black "Tang, Andrew"]
[Result "1-0"]
[WhiteTitle "GM"]
[BlackTitle "GM"]
[WhiteElo "2745"]
[BlackElo "2539"]
[WhiteFideId "4126025"]
[BlackFideId "2059630"]
[EventDate "2022.11.27"]
[EventType "k.o."]

1. e4 e5 2. Nf3 Nc6 3. Bb5 a6 4. Ba4 Nf6 5. O-O Be7 6. Re1 b5 7. Bb3 d6 8. c3
O-O 9. h3 Bb7 10. d4 Re8 11. Nbd2 Bf8 12. a4 h6 13. Bc2 exd4 14. cxd4 Nb4 15.
Bb1 c5 16. d5 Nd7 17. Ra3 c4 18. Nd4 Qf6 19. N2f3 Nc5 20. b3 Nbd3 21. Bxd3 Nxd3
22. Re3 b4 23. Ra1 Nc5 24. bxc4 Rxe4 25. Rxe4 Nxe4 26. a5 Nc3 27. Qd3 Rc8 28.
Bd2 Qg6 29. Nf5 Re8 30. Re1 Rxe1+ 31. Bxe1 Bc8 32. N3d4 Qf6 33. Bxc3 Bxf5 34.
Qxf5 Qxf5 35. Nxf5 bxc3 36. Nd4 g6 37. Kf1 Bg7 38. Nc2 Bf6 39. Ke2 Bd8 40. Kd3
Bxa5 41. Nd4 Bb6 42. Kxc3 Bxd4+ 43. Kxd4 Kf8 44. Kc3 Ke7 45. Kb4 Kf6 46. Ka5 Ke5
47. Kxa6 Kd4 48. Kb5 1-0

[Event "MrDodgy Inv 3 Finals"]
[Site "chess24.com INT"]
[Date "2022.11.28"]
[Round "1.1"]
[White "Pichot, Alan"]
[Black "Muradli, Mahammad"]
[Result "1-0"]
[WhiteTitle "GM"]
[BlackTitle "GM"]
[WhiteElo "2637"]
[BlackElo "2540"]
[WhiteFideId "110973"]
[BlackFideId "13409301"]
[EventDate "2022.11.27"]
[EventType "k.o."]

1. e4 c5 2. Nf3 d6 3. Bb5+ Bd7 4. Bxd7+ Nxd7 5. O-O Ngf6 6. Qe2 e6 7. b3 Be7 8.
c4 Ne5 9. Bb2 Nxf3+ 10. Qxf3 O-O 11. d4 cxd4 12. Bxd4 a6 13. Nc3 Qa5 14. Rac1 b5
15. cxb5 axb5 16. Qd3 Rab8 17. e5 dxe5 18. Bxe5 Rb7 19. Ne4 Nd5 20. Qe2 Ra8 21.
Rc2 Bf8 22. g3 h6 23. Rfc1 Rd7 24. Rc8 Rd8 25. R8c2 b4 26. Nd2 Nc3 27. Bxc3 bxc3
28. Nc4 Qa6 29. a3 Bxa3 30. Ra1 Qb5 31. Rxa3 Rxa3 32. Nxa3 Qxb3 33. Nc4 Rd4 34.
Ne3 g6 35. Kg2 h5 36. h4 Qb7+ 37. Qf3 Qb3 38. Qc6 Rd3 39. Qe4 Qb5 40. Ra2 Kg7
41. Ra7 Rd2 42. Qxe6 1-0

[Event "MrDodgy Inv 3 Finals"]
[Site "chess24.com INT"]
[Date "2022.11.28"]
[Round "1.2"]
[White "Muradli, Mahammad"]
[Black "Pichot, Alan"]
[Result "0-1"]
[WhiteTitle "GM"]
[BlackTitle "GM"]
[WhiteElo "2540"]
[BlackElo "2637"]
[WhiteFideId "13409301"]
[BlackFideId "110973"]
[EventDate "2022.11.27"]
[EventType "k.o."]

1. c4 Nf6 2. Nc3 e5 3. g3 Bb4 4. Qc2 O-O 5. Bg2 Re8 6. e3 c6 7. Nge2 d5 8. cxd5
cxd5 9. d4 e4 10. O-O Nc6 11. Qb3 Bf5 12. Bd2 Bxc3 13. Bxc3 Qd7 14. Rfc1 Rab8
15. a4 Bh3 16. Bh1 g5 17. Be1 Bg4 18. Rc2 Bf3 19. Rac1 Qh3 0-1

[Event "MrDodgy Inv 3 Finals"]
[Site "chess24.com INT"]
[Date "2022.11.28"]
[Round "1.3"]
[White "Pichot, Alan"]
[Black "Muradli, Mahammad"]
[Result "1-0"]
[WhiteTitle "GM"]
[BlackTitle "GM"]
[WhiteElo "2637"]
[BlackElo "2540"]
[WhiteFideId "110973"]
[BlackFideId "13409301"]
[EventDate "2022.11.27"]
[EventType "k.o."]

1. e4 c5 2. Nf3 d6 3. Bb5+ Bd7 4. Bxd7+ Qxd7 5. O-O Nf6 6. Qe2 Nc6 7. c3 e6 8.
d4 cxd4 9. cxd4 d5 10. e5 Ne4 11. Be3 Be7 12. Ne1 f5 13. Nd3 O-O 14. f3 Ng5 15.
Nd2 Rfc8 16. Rac1 b6 17. Rc2 Rc7 18. Rfc1 Rac8 19. Rc3 Nf7 20. Qd1 Nfd8 21. a3
Na5 22. Rxc7 Rxc7 23. Rxc7 Qxc7 24. Qa4 Kf7 25. Kf1 a6 26. Qd1 Nc4 27. Nxc4 dxc4
28. Nf4 g5 29. Ne2 Nc6 30. Nc3 Qd7 31. Qa4 b5 32. Qd1 b4 33. axb4 Nxb4 34. Qa4
Qb7 35. h3 h6 36. Kg1 Kf8 37. Kh2 Qc6 38. Qa5 Kf7 39. Kg1 Nc2 40. Bf2 Qb7 41. d5
Bb4 42. Qd8 Bxc3 43. Qf6+ Ke8 44. Qxe6+ Qe7 45. Qc8+ Qd8 46. Qc6+ Qd7 47. Qa8+
Qd8 48. Qxd8+ Kxd8 49. bxc3 Kd7 50. Bc5 f4 51. e6+ Kc7 52. d6+ Kc6 53. d7 1-0

[Event "MrDodgy Inv 3 Finals"]
[Site "chess24.com INT"]
[Date "2022.11.28"]
[Round "1.4"]
[White "Muradli, Mahammad"]
[Black "Pichot, Alan"]
[Result "0-1"]
[WhiteTitle "GM"]
[BlackTitle "GM"]
[WhiteElo "2540"]
[BlackElo "2637"]
[WhiteFideId "13409301"]
[BlackFideId "110973"]
[EventDate "2022.11.27"]
[EventType "k.o."]

1. d4 Nf6 2. c4 e6 3. Nf3 d5 4. Nc3 dxc4 5. e3 a6 6. a4 c5 7. Bxc4 Nc6 8. O-O
Be7 9. d5 exd5 10. Nxd5 Nxd5 11. Bxd5 O-O 12. Bxc6 bxc6 13. Ne5 Qc7 14. Nc4 Be6
15. Qc2 Rfd8 16. b3 Rab8 17. Rb1 Qd7 18. Ba3 Qd3 19. Qxd3 Rxd3 20. Na5 Bd5 21.
Rfd1 Rc3 22. Bb2 Rc2 23. Be5 Rb4 24. h3 h5 25. Rbc1 Rxc1 26. Rxc1 Bd8 27. Rxc5
Bb6 28. Bd6 Bxc5 29. Bxc5 Rb8 30. b4 f6 31. f3 f5 32. Kf2 Kf7 33. h4 Ke6 34. Kg3
g6 35. Kf4 Kd7 36. Kg5 Rg8 37. Nb7 Kc7 38. Nd6 Kd7 39. a5 Ke6 40. Kf4 Rd8 41. e4
fxe4 42. fxe4 Bb3 43. e5 Rf8+ 44. Kg5 Bc2 45. Nc4 Rf5+ 46. Kh6 Rf4 47. Ne3 Bd3
48. g4 Kxe5 49. Kg5 Rf3 50. gxh5 Rg3+ 51. Kh6 gxh5 52. Kxh5 Be2+ 53. Kh6 Kf6 54.
Bd4+ Kf7 55. h5 Rh3 56. Kg5 Rxh5+ 57. Kf4 Bd3 58. Bc5 Ke6 59. Kf3 Rh4 60. Kf2
Rh3 61. Ke1 Be4 62. Kd2 Ke5 63. Kc3 Rf3 64. Kc4 Bd5+ 65. Kd3 Rh3 66. Ke2 Ke4 67.
Kd2 Rh2+ 68. Kc3 Re2 69. Nc2 Rg2 70. Nd4 Rg3+ 71. Kc2 Bc4 72. Nxc6 Bb5 73. Nd4
Ba4+ 74. Kd2 Kd5 75. Ne2 Kc4 76. Nf4 Rf3 77. Ne2 Rd3+ 78. Ke1 Rb3 79. Kf2 Rb2
80. Ke3 Bb5 81. Nf4 Rb3+ 82. Ke4 Rxb4 83. Ke5 Kxc5 84. Ne6+ Kc4 85. Nc7 Kb3 86.
Kd6 Ka4 87. Kc5 Kxa5 88. Nd5 Rc4+ 89. Kd6 Rc6+ 90. Ke5 Ka4 91. Kd4 Rd6 92. Kc5
Rxd5+ 93. Kxd5 Kb4 94. Kd4 a5 95. Ke3 Kb3 96. Kd2 Kb2 97. Ke3 a4 98. Kd4 a3 99.
Kc5 a2 100. Kb4 a1=Q 101. Kc5 Qa3+ 102. Kb6 Qb3 103. Kc5 Ba4 104. Kd6 Qb5 105.
Ke7 Qa6 106. Kf7 Qb5 107. Kf8 Qb6 108. Kg7 Qb7+ 109. Kh8 Qb5 110. Kh7 Qb4 111.
Kg7 Qc3+ 112. Kh7 Qc2+ 113. Kh8 Qd2 114. Kh7 Qd3+ 115. Kg8 Qc3 0-1

[Event "MrDodgy Inv 3 Finals"]
[Site "chess24.com INT"]
[Date "2022.11.28"]
[Round "1.5"]
[White "Pichot, Alan"]
[Black "Muradli, Mahammad"]
[Result "0-1"]
[WhiteTitle "GM"]
[BlackTitle "GM"]
[WhiteElo "2637"]
[BlackElo "2540"]
[WhiteFideId "110973"]
[BlackFideId "13409301"]
[EventDate "2022.11.27"]
[EventType "k.o."]

1. e4 c5 2. Nf3 d6 3. Bb5+ Bd7 4. Bxd7+ Nxd7 5. O-O Ngf6 6. Qe2 e6 7. c3 Be7 8.
d4 O-O 9. e5 Ne8 10. Nbd2 cxd4 11. cxd4 Nc7 12. Ne4 dxe5 13. dxe5 Nd5 14. Bd2
Rc8 15. Rac1 Qb6 16. b3 h6 17. h3 Ba3 18. Rc4 Qa6 19. Re1 b5 20. Ra4 Qb6 21.
Rxa3 Rc2 22. Qd3 Rfc8 23. b4 R8c7 24. Nc5 Rc4 25. Nxd7 Rxd7 26. Be3 Qc6 27. Rxa7
Rxa7 28. Bxa7 Nf4 29. Qd6 Nxh3+ 30. Kh2 Qa8 31. Qb8+ Qxb8 32. Bxb8 Nxf2 33. Bd6
Nd3 34. Re3 Nf4 35. a4 bxa4 36. Ra3 Rc2 37. Kg3 g5 38. Ne1 Re2 39. Ra1 a3 40. b5
a2 41. b6 Rb2 42. Bc7 Ne2+ 43. Kf3 Nc3 44. Nd3 Rb1 45. Rxa2 Nxa2 46. Nc5 Nb4 47.
b7 Nc6 48. Ke4 Rb5 49. Bd6 Kg7 50. Kd3 Kg6 51. Kc4 Rb6 52. Bc7 Rb4+ 53. Kc3 Rb1
54. Nb3 h5 55. Kc4 h4 56. b8=Q Nxb8 57. Bxb8 g4 58. Ba7 h3 59. gxh3 gxh3 60. Nd2
h2 61. Nxb1 h1=Q 62. Nc3 Qc6+ 63. Bc5 Kf5 0-1

[Event "MrDodgy Inv 3 Finals"]
[Site "chess24.com INT"]
[Date "2022.11.28"]
[Round "1.6"]
[White "Muradli, Mahammad"]
[Black "Pichot, Alan"]
[Result "1-0"]
[WhiteTitle "GM"]
[BlackTitle "GM"]
[WhiteElo "2540"]
[BlackElo "2637"]
[WhiteFideId "13409301"]
[BlackFideId "110973"]
[EventDate "2022.11.27"]
[EventType "k.o."]

1. c4 Nf6 2. g3 e5 3. Bg2 Nc6 4. d3 Bb4+ 5. Bd2 a5 6. a3 Bxd2+ 7. Qxd2 O-O 8.
Nc3 d6 9. e3 Re8 10. Nge2 Bf5 11. O-O e4 12. dxe4 Nxe4 13. Nxe4 Bxe4 14. Rfd1
Qf6 15. Nf4 Bxg2 16. Kxg2 Ne5 17. Qd4 a4 18. h4 b6 19. Rac1 Ra5 20. Qe4 Qd8 21.
Rd5 Nd7 22. Qf3 Rxd5 23. cxd5 Nc5 24. Rc4 Qf6 25. Rd4 g6 26. Qg4 Qe5 27. h5 Kg7
28. Qh3 Qf6 29. h6+ Kg8 30. Qg4 Qe5 31. Nd3 Nxd3 32. Rxd3 b5 33. Rd4 Qe7 34. Rb4
f5 35. Qd4 Qf8 36. Rxb5 Qxh6 37. Qxa4 Qh5 38. Rb7 Rxe3 39. Qa8+ Kf7 40. Rxc7+
Re7 41. Rxe7+ Kxe7 42. Qb7+ Kf6 43. Qd7 f4 44. Qxd6+ Kg7 45. Qxf4 Qxd5+ 46. Qf3
Qb5 47. b4 Qa6 48. Qb3 Qb7+ 49. Kg1 Qc6 50. b5 Qc1+ 51. Kg2 Qd2 52. b6 Qd5+ 53.
Qxd5 1-0

[Event "MrDodgy Inv 3 Finals"]
[Site "chess24.com INT"]
[Date "2022.11.28"]
[Round "1.7"]
[White "Pichot, Alan"]
[Black "Muradli, Mahammad"]
[Result "1-0"]
[WhiteTitle "GM"]
[BlackTitle "GM"]
[WhiteElo "2637"]
[BlackElo "2540"]
[WhiteFideId "110973"]
[BlackFideId "13409301"]
[EventDate "2022.11.27"]
[EventType "k.o."]

1. e4 c5 2. Nf3 d6 3. Bb5+ Bd7 4. a4 Nf6 5. d3 Nc6 6. O-O e6 7. Re1 Be7 8. Nc3
O-O 9. h3 a6 10. Bxc6 Bxc6 11. a5 Nd7 12. Bf4 Re8 13. Nd2 d5 14. Qg4 Nf6 15. Qe2
Bf8 16. Be5 Nd7 17. Bg3 d4 18. Ncb1 e5 19. Nc4 g6 20. Nbd2 h5 21. Rf1 h4 22. Bh2
g5 23. Qh5 Re6 24. Nf3 f6 25. Qg6+ Bg7 26. Nxg5 Re7 27. Qh7+ Kf8 28. Nf3 Kf7 29.
Nxh4 Qh8 30. Qg6+ 1-0

[Event "MrDodgy Inv 3 Finals"]
[Site "chess24.com INT"]
[Date "2022.11.28"]
[Round "1.8"]
[White "Muradli, Mahammad"]
[Black "Pichot, Alan"]
[Result "0-1"]
[WhiteTitle "GM"]
[BlackTitle "GM"]
[WhiteElo "2540"]
[BlackElo "2637"]
[WhiteFideId "13409301"]
[BlackFideId "110973"]
[EventDate "2022.11.27"]
[EventType "k.o."]

1. c4 Nf6 2. g3 e5 3. Bg2 Nc6 4. a3 g6 5. Nc3 Bg7 6. b4 O-O 7. Bb2 a5 8. b5 Nd4
9. e3 Ne6 10. Nge2 c6 11. d4 exd4 12. exd4 d5 13. cxd5 cxd5 14. a4 b6 15. O-O
Bb7 16. Qb1 Rc8 17. Rd1 Rc4 18. Qa2 Qd7 19. h4 Rfc8 20. Rd3 Ne4 21. Rad1 Qe7 22.
Ba3 Qc7 23. Bb2 Nxd4 24. Nxd4 Nxc3 25. Bxc3 Rxc3 26. Nc6 Bxc6 27. bxc6 Rxd3 28.
Rxd3 Qxc6 29. Bxd5 Qc7 30. Rf3 Rf8 31. Qb3 Bd4 32. h5 Kg7 33. Qd3 Qe5 34. Qc4 f5
35. Kg2 Rd8 36. Bb7 Rd7 37. Ba8 Bc5 38. Qh4 Rd4 39. h6+ Kf7 40. Qg5 Rd1 41. Kh3
Rh1+ 42. Kg2 Rd1 43. Kh3 Qe1 44. Rf4 Qf1+ 45. Bg2 Qe2 46. Rxf5+ gxf5 47. Qxf5+
Ke7 48. Qxh7+ Kd6 49. Qg7 Qe6+ 50. g4 Rd3+ 51. f3 Bd4 52. Qg5 Be3 53. Qb5 Qxh6+
54. Kg3 Qf4+ 55. Kh3 Rd2 56. Qh5 Qh6 57. Qxh6+ Bxh6 58. Kg3 Be3 59. g5 Ke5 60.
Kg4 Bf4 61. Bh3 Rh2 62. Kh5 Rxh3+ 63. Kg6 Rg3 64. Kf7 Rxg5 65. Ke7 Rf5 66. Kd7
Be3 67. Kc6 Bc5 68. Kb5 Rxf3 0-1

[Event "MrDodgy Inv 3 Finals"]
[Site "chess24.com INT"]
[Date "2022.11.28"]
[Round "1.9"]
[White "Pichot, Alan"]
[Black "Muradli, Mahammad"]
[Result "1-0"]
[WhiteTitle "GM"]
[BlackTitle "GM"]
[WhiteElo "2637"]
[BlackElo "2540"]
[WhiteFideId "110973"]
[BlackFideId "13409301"]
[EventDate "2022.11.27"]
[EventType "k.o."]

1. e4 c5 2. Nf3 d6 3. Bb5+ Bd7 4. a4 Nf6 5. d3 Nc6 6. O-O g6 7. h3 Bg7 8. Re1
O-O 9. Nc3 a6 10. Bxc6 Bxc6 11. a5 Nd7 12. Bf4 Qc7 13. Qd2 Rfb8 14. Bh6 Bh8 15.
Ra2 Ne5 16. Nxe5 Bxe5 17. Bf4 Bg7 18. Nd5 Bxd5 19. exd5 c4 20. c3 b5 21. axb6
Rxb6 22. Re2 Rab8 23. Re4 cxd3 24. Qxd3 Rxb2 25. Rxb2 Rxb2 26. Qxa6 h5 27. Rc4
Qb7 28. Qxb7 Rxb7 29. Rc8+ Kh7 30. Be3 Bf6 31. Kf1 Rb3 32. c4 Rc3 33. c5 dxc5
34. Rxc5 Ra3 35. Rc7 Kg7 36. Bc5 Rc3 37. Rc6 Rd3 38. Rc7 Rd1+ 39. Ke2 Rxd5 40.
Be3 e6 41. Rc6 g5 42. Rc2 Kg6 43. Rd2 Rf5 44. Rc2 Rb5 45. Rd2 Kf5 46. Rc2 Rd5
47. Rd2 Be5 48. Rxd5 exd5 49. Kd3 f6 50. Bc5 h4 51. Be3 Bh2 52. Bc5 Be5 53. Be3
Kg6 54. Bc5 f5 55. Be3 g4 56. Bc5 Kf6 57. Be3 Ke6 58. Bc5 Bf4 59. Bb6 Bh2 60.
Ba5 Bd6 61. Bb6 f4 62. f3 gxf3 63. gxf3 Be5 64. Bc5 Bf6 65. Bf2 Kd6 66. Be1 Kc6
67. Bf2 Bg5 68. Bd4 Kd6 69. Bc3 Ke6 70. Bb4 Be7 71. Bd2 Bd6 72. Be1 Be7 73. Bd2
Kf5 74. Be1 Kg5 75. Bf2 Bd6 76. Be1 Bc5 77. Bc3 Be3 78. Be5 Kf5 79. Bc7 Bf2 80.
Bd8 Bg3 81. Be7 Ke6 82. Bd8 Kd6 83. Bf6 Kc5 84. Bd4+ Kb5 85. Be5 Ka4 86. Bd4 Kb3
87. Be5 Ka2 88. Kc2 Ka3 89. Bd4 Ka4 90. Kc3 Kb5 91. Kd3 Bh2 92. Bf6 Bg3 93. Be5
Kc6 94. Bd4 Kd6 95. Bf6 Ke6 96. Bd4 Kf5 97. Kc3 Bf2 98. Kd3 Bxd4 99. Kxd4 Ke6
100. Kc3 Kd6 101. Kd4 Ke6 102. Kc3 Ke5 103. Kd3 Kd6 104. Kd4 Kc6 105. Ke5 Kc5
106. Kxf4 Kd4 107. Kg5 Ke3 108. f4 d4 109. f5 d3 110. f6 d2 111. f7 d1=Q 112.
f8=Q Qg1+ 113. Kh5 Qd1+ 114. Kxh4 Qd4+ 115. Kg5 Qd1 116. Kg6 Qg1+ 117. Kh7 Kd2
118. Qg7 Ke1 119. Qxg1+ Ke2 120. Qg2+ Kd3 121. h4 Kc3 122. Qg3+ Kc4 123. Qg4+ 1-0

[Event "MrDodgy Inv 3 Finals"]
[Site "chess24.com INT"]
[Date "2022.11.28"]
[Round "1.1"]
[White "Van Foreest, Jorden"]
[Black "Cori, Jorge"]
[Result "1/2-1/2"]
[WhiteTitle "GM"]
[BlackTitle "GM"]
[WhiteElo "2690"]
[BlackElo "2651"]
[WhiteFideId "1039784"]
[BlackFideId "3802272"]
[EventDate "2022.11.27"]
[EventType "k.o."]

1. d4 Nf6 2. Bf4 e6 3. e3 d5 4. Nf3 c5 5. Nbd2 Bd6 6. dxc5 Bxf4 7. exf4 Qc7 8.
g3 Qxc5 9. Bd3 Nc6 10. c3 O-O 11. O-O Bd7 12. Re1 Qb6 13. Nb3 Rfd8 14. Qe2 Rac8
15. h4 h6 16. Nbd4 Re8 17. Rad1 a6 18. Bb1 Kf8 19. Ne5 Nxd4 20. Rxd4 Bb5 21. Qe3
Bc6 22. Qd2 Nd7 23. Qc2 Nf6 24. Qe2 Bb5 25. Qd2 Bc6 26. a3 Qc7 27. Bd3 Nd7 28.
Bc2 Nf6 29. Qd3 Bb5 30. Qf3 Qb6 31. g4 Nd7 32. g5 Nxe5 33. Rxe5 Rc4 34. gxh6
gxh6 35. Rd1 Ke7 36. Bd3 Rg8+ 37. Kf1 Qc7 38. Qe3 Rg4 39. Rxd5 Kf8 40. a4 exd5
41. axb5 Rcxf4 42. b6 Qc6 43. Re1 Qf6 44. Re2 Kg7 45. Ke1 Rf3 46. Qe7 Qxe7 47.
Rxe7 Rxd3 48. Rxb7 Rg6 49. Ke2 Rh3 50. Rb8 Re6+ 51. Kd2 Rf3 52. b4 Rxf2+ 53. Kd3
Rf3+ 54. Kd4 Rc6 55. b7 Rb6 56. Kc5 Rff6 57. Kxd5 Rf5+ 58. Kd4 a5 59. bxa5 Rxa5
60. c4 Ra7 61. Rd8 Rbxb7 62. Rc8 Rd7+ 63. Kc3 Rac7 64. Rb8 Rd6 65. Rb5 Rdc6 66.
Kd3 Rxc4 67. h5 Rc3+ 68. Kd4 R3c5 69. Rb2 Rxh5 70. Rg2+ Rg5 71. Rf2 Rg6 72. Ke5
Rg4 73. Kd6 Ra7 74. Kc6 Ra6+ 75. Kb7 Rf6 76. Re2 Rf5 77. Kc7 Rc4+ 78. Kd7 Rd5+
79. Ke7 Rc6 80. Rg2+ Rg6 81. Re2 Re6+ 82. Rxe6 fxe6 83. Kxe6 Rd3 84. Kf5 Rg3 85.
Ke4 1/2-1/2

[Event "MrDodgy Inv 3 Finals"]
[Site "chess24.com INT"]
[Date "2022.11.28"]
[Round "1.2"]
[White "Cori, Jorge"]
[Black "Van Foreest, Jorden"]
[Result "0-1"]
[WhiteTitle "GM"]
[BlackTitle "GM"]
[WhiteElo "2651"]
[BlackElo "2690"]
[WhiteFideId "3802272"]
[BlackFideId "1039784"]
[EventDate "2022.11.27"]
[EventType "k.o."]

1. d4 d5 2. Nf3 Nf6 3. Bf4 Bf5 4. Nbd2 e6 5. c3 Bd6 6. Bg3 h6 7. Qb3 Qc8 8. e3
O-O 9. Rc1 Bxg3 10. hxg3 c5 11. c4 dxc4 12. Bxc4 Nbd7 13. O-O a6 14. a4 Qb8 15.
a5 Rc8 16. Rc3 cxd4 17. Nxd4 Bg6 18. Rfc1 Nc5 19. Qb6 Na4 20. Qb3 Nxc3 21. Rxc3
Qe5 22. Qxb7 Qxa5 23. Nc6 Qc7 24. Ne7+ Kh8 25. Nxg6+ fxg6 26. Qf3 Qe5 27. Bxa6
Rf8 28. Qe2 Nd5 29. Rb3 Rab8 30. Bd3 Rxb3 31. Nxb3 Ne7 32. g4 Qd5 33. Bc4 Qd6
34. Qc2 Rc8 35. Qe4 Qc6 36. Qxc6 Rxc6 37. Na5 Rd6 38. b4 Nc6 39. Nxc6 Rxc6 40.
Bd3 g5 41. b5 Rc1+ 42. Kh2 Rd1 43. Be4 Rd2 44. Kg3 Rb2 45. Bc6 Kg8 46. Kf3 Kf7
47. Kg3 Kf6 48. Kf3 Ke7 49. Kg3 Kd6 50. Kf3 Kc5 51. Kg3 Kc4 52. Kf3 Kd3 53. Bd7
e5 54. Bc6 Rb4 55. Kg3 Ke2 56. Bf3+ Ke1 57. Bc6 Rb2 58. f4 Rb3 59. fxe5 Rxe3+
60. Bf3 Rxe5 61. b6 Rb5 62. b7 Rb3 63. Kh2 Kf2 64. Bd5 Rb4 65. Bf3 Ke3 66. Bd5
Kf4 67. Bf3 Rb3 68. Be2 Rxb7 0-1

[Event "MrDodgy Inv 3 Finals"]
[Site "chess24.com INT"]
[Date "2022.11.28"]
[Round "1.3"]
[White "Van Foreest, Jorden"]
[Black "Cori, Jorge"]
[Result "1-0"]
[WhiteTitle "GM"]
[BlackTitle "GM"]
[WhiteElo "2690"]
[BlackElo "2651"]
[WhiteFideId "1039784"]
[BlackFideId "3802272"]
[EventDate "2022.11.27"]
[EventType "k.o."]

1. d4 d5 2. Nf3 c6 3. Bf4 Bg4 4. e3 Bxf3 5. Qxf3 Nf6 6. c4 e6 7. Nc3 Bb4 8. Bd3
Qa5 9. O-O Nbd7 10. Rfc1 dxc4 11. Bxc4 Nd5 12. Nxd5 exd5 13. Bd3 Nf6 14. Be5 Be7
15. b4 Qa3 16. Bf5 O-O 17. b5 cxb5 18. Bxf6 Bxf6 19. Qxd5 b4 20. Qxb7 Rab8 21.
Qd5 a5 22. Qb3 a4 23. Qxa3 bxa3 24. Rc4 Ra8 25. Bd7 Rfb8 26. Bxa4 Rb2 27. Bb3
Bd8 28. g3 g6 29. Rac1 Kg7 30. Kg2 Ra7 31. R4c2 Ba5 32. h4 Bd2 33. Rd1 Bb4 34.
Kf3 h5 35. Ke2 Rc7 36. Rc1 Rc3 37. Kf3 Rbxb3 38. axb3 a2 39. Rxa2 Rxc1 40. Ra4
Be1 41. Ke2 Rb1 42. d5 Bc3 43. Kd3 Bf6 44. b4 Rb2 45. f4 Kf8 46. e4 Rb3+ 47. Kc4
Rc3+ 48. Kb5 Rxg3 49. e5 Bxh4 50. d6 Ke8 51. Kc6 Bd8 52. b5 Rc3+ 53. Kd5 Bb6 54.
Ra8+ Kd7 55. Rf8 Rc5+ 56. Ke4 Rc4+ 57. Kf3 Ke6 58. Rb8 Ba7 59. Rb7 Bc5 60. Re7+
Kd5 61. Rxf7 Rc3+ 62. Kg2 h4 63. d7 Bb6 64. Rf6 h3+ 65. Kh2 Ba5 66. b6 1-0

[Event "MrDodgy Inv 3 Finals"]
[Site "chess24.com INT"]
[Date "2022.11.28"]
[Round "1.4"]
[White "Cori, Jorge"]
[Black "Van Foreest, Jorden"]
[Result "1-0"]
[WhiteTitle "GM"]
[BlackTitle "GM"]
[WhiteElo "2651"]
[BlackElo "2690"]
[WhiteFideId "3802272"]
[BlackFideId "1039784"]
[EventDate "2022.11.27"]
[EventType "k.o."]

1. e4 e5 2. Nf3 Nc6 3. Bc4 Nf6 4. Ng5 d5 5. exd5 Nd4 6. c3 b5 7. cxd4 bxc4 8.
O-O Qxd5 9. Nc3 Qxd4 10. Nf3 Qg4 11. h3 Qh5 12. Nxe5 Qxd1 13. Rxd1 Be6 14. d4
cxd3 15. Nxd3 O-O-O 16. Be3 Nd5 17. Bxa7 Nxc3 18. bxc3 Ba3 19. Bd4 f6 20. Nb4
Rd6 21. Nc2 Ra6 22. Re1 Re8 23. Nxa3 Rxa3 24. Re2 Bf7 25. Rxe8+ Bxe8 26. Re1 Kd8
27. Bc5 Rxc3 28. Bf8 Bf7 29. Bxg7 Rc6 30. a4 Ra6 31. a5 c5 32. g4 c4 33. Kh2 Bg6
34. Re3 Kd7 35. Kg3 h5 36. gxh5 Bxh5 37. h4 Bg6 38. Kg4 Rxa5 39. Bxf6 Rf5 40.
Bd4 Rxf2 41. h5 Bc2 42. h6 Rd2 43. Bf6 Rg2+ 44. Kf3 Rh2 45. Bg7 Kd6 46. Be5+ 1-0

[Event "MrDodgy Inv 3 Finals"]
[Site "chess24.com INT"]
[Date "2022.11.28"]
[Round "1.5"]
[White "Van Foreest, Jorden"]
[Black "Cori, Jorge"]
[Result "1-0"]
[WhiteTitle "GM"]
[BlackTitle "GM"]
[WhiteElo "2690"]
[BlackElo "2651"]
[WhiteFideId "1039784"]
[BlackFideId "3802272"]
[EventDate "2022.11.27"]
[EventType "k.o."]

1. d4 Nf6 2. c4 e6 3. Nc3 Bb4 4. e3 O-O 5. Bd3 d5 6. a3 Bxc3+ 7. bxc3 c5 8. cxd5
exd5 9. Ne2 Nc6 10. O-O Re8 11. f3 Bd7 12. Ra2 Rc8 13. Ng3 Na5 14. Re2 Qb6 15.
Kh1 Nb3 16. Bb2 Bb5 17. Bxb5 Qxb5 18. e4 cxd4 19. cxd4 Re6 20. e5 Ne8 21. f4
Rec6 22. f5 h6 23. h3 a5 24. a4 Qb4 25. Kh2 b5 26. axb5 Qxb5 27. f6 g6 28. e6
Nd6 29. Ba3 fxe6 30. Rxe6 Nf7 31. Qg4 Qd3 32. Rf3 h5 33. Nxh5 Qc2 34. Re2 1-0

[Event "MrDodgy Inv 3 Finals"]
[Site "chess24.com INT"]
[Date "2022.11.28"]
[Round "1.6"]
[White "Cori, Jorge"]
[Black "Van Foreest, Jorden"]
[Result "1-0"]
[WhiteTitle "GM"]
[BlackTitle "GM"]
[WhiteElo "2651"]
[BlackElo "2690"]
[WhiteFideId "3802272"]
[BlackFideId "1039784"]
[EventDate "2022.11.27"]
[EventType "k.o."]

1. c4 e6 2. Nc3 d5 3. cxd5 c5 4. d4 exd5 5. Nf3 Nf6 6. g3 Nc6 7. Bg2 Be7 8. O-O
O-O 9. Bg5 c4 10. Ne5 Be6 11. Rc1 h6 12. Bxf6 Bxf6 13. f4 Bxe5 14. fxe5 b5 15.
e3 b4 16. Nb5 Qg5 17. Rf4 Qe7 18. Nd6 Rad8 19. Qh5 f6 20. Nxc4 Bf7 21. exf6 Qe6
22. Bh3 Qe8 23. fxg7 Kxg7 24. Qg4+ Kh7 25. Qf5+ Kg7 26. Ne5 Nxe5 27. dxe5 Qe7
28. Qf6+ Qxf6 29. exf6+ Kg6 30. Bf1 h5 31. Bd3+ Kh6 32. Rc7 a5 33. h4 Rd6 34.
Re7 Bg6 35. Bxg6 Kxg6 36. f7 Rc6 37. Rd7 Rc1+ 38. Kg2 Rc2+ 39. Rf2 Rc5 40. Kh3
a4 41. Kg2 b3 42. axb3 axb3 43. Rb7 Rc2 44. Rxb3 Rxf2+ 45. Kxf2 Rxf7+ 46. Ke2
Kf5 47. Rb5 Ke5 48. Rb6 Rg7 49. Kf2 Rf7+ 50. Kg2 Re7 51. Rh6 Ke4 52. Kf2 Rc7 53.
Re6+ Kd3 54. Re5 Rf7+ 55. Kg2 Rd7 56. b4 Kc4 57. Rxh5 Re7 58. Kf2 Rf7+ 59. Ke2
Rb7 60. Rg5 Rxb4 61. Rg4+ 1-0

[Event "MrDodgy Inv 3 Finals"]
[Site "chess24.com INT"]
[Date "2022.11.28"]
[Round "1.7"]
[White "Van Foreest, Jorden"]
[Black "Cori, Jorge"]
[Result "1-0"]
[WhiteTitle "GM"]
[BlackTitle "GM"]
[WhiteElo "2690"]
[BlackElo "2651"]
[WhiteFideId "1039784"]
[BlackFideId "3802272"]
[EventDate "2022.11.27"]
[EventType "k.o."]

1. e4 c5 2. Nf3 Nc6 3. Bc4 e6 4. O-O Nf6 5. Re1 d6 6. d4 cxd4 7. Nxd4 Be7 8.
Nxc6 bxc6 9. e5 dxe5 10. Qxd8+ Bxd8 11. Rxe5 Bc7 12. Re2 Nd5 13. g3 h5 14. h4
Rb8 15. Nd2 g5 16. hxg5 h4 17. Ne4 hxg3 18. Nxg3 Rh4 19. b3 Bd7 20. Bd2 Ke7 21.
Nf5+ 1-0

[Event "MrDodgy Inv 3 Finals"]
[Site "chess24.com INT"]
[Date "2022.11.28"]
[Round "1.8"]
[White "Cori, Jorge"]
[Black "Van Foreest, Jorden"]
[Result "0-1"]
[WhiteTitle "GM"]
[BlackTitle "GM"]
[WhiteElo "2651"]
[BlackElo "2690"]
[WhiteFideId "3802272"]
[BlackFideId "1039784"]
[EventDate "2022.11.27"]
[EventType "k.o."]

1. e4 e5 2. Nf3 Nf6 3. Nxe5 d6 4. Nf3 Nxe4 5. Nc3 Nxc3 6. dxc3 Be7 7. Be3 Nc6 8.
Qd2 Be6 9. O-O-O Qd7 10. Kb1 Bf6 11. Ng5 Bxg5 12. Bxg5 f6 13. Be3 O-O-O 14. f3
h5 15. Bf2 h4 16. Bd3 Ne5 17. Rhe1 h3 18. g3 Nxf3 19. Qe3 Nxe1 20. Qxa7 c5 21.
Rxe1 Rhe8 22. Be4 Qb5 23. Bd3 Bc4 24. Bf5+ Kc7 25. b3 Rxe1+ 26. Bxe1 Re8 27. Bd2
Re2 28. Kc1 Qa6 0-1